Príprava kyseliny punikovej pomocou rekombinatných mikroorganizmov

Salvato in:
Dettagli Bibliografici
Autore principale: Weszelovszká, Emma (Autore)
Altri autori: Gajdoš, Peter (Relatore della tesi)
Natura: Manoscritto Libro
Lingua:slovacco
Pubblicazione: 2021
Soggetti:
Accesso online:http://is.stuba.sk/zp/portal_zp.pl?podrobnosti=165041
Tags: Aggiungi Tag
Nessun Tag, puoi essere il primo ad aggiungerne!!

MARC

LEADER 00000ntm a22000003a 4500
001 stuzp84608
003 SK-STU
005 20210626211526.7
007 ta
008 150427s2015----xo-----f-mn---000-0-slo-d
040 |a STU  |b slo 
041 0 |a slo 
100 1 |a Weszelovszká, Emma  |u 044000  |4 aut  |U FCHPT Fakulta chemickej a potravinárskej technológie  |T FCHPT Ústav biotechnológie  |X 91903  |U C4000  |Y 102  |7 91903 
242 0 1 |a Production of punicic acid by recombinant microorganisms  |y eng 
245 1 0 |a Príprava kyseliny punikovej pomocou rekombinatných mikroorganizmov 
260 |c 2021 
650 4 |a rekombinantné organizmy  |2 slo 
650 4 |a Yarrowia lipolytica  |2 slo 
650 4 |a Schizosaccharomyces pombe  |2 slo 
650 4 |a kyselina puniková  |2 slo 
650 4 |a Yarrowia lipolytica  |2 eng 
650 4 |a Schizosaccharomyces pombe  |2 eng 
650 4 |a recombinant organisms  |2 eng 
650 4 |a punicic acid  |2 eng 
700 1 |a Gajdoš, Peter  |u 044000  |k Z1  |4 ths  |U FCHPT Fakulta chemickej a potravinárskej technológie  |T FCHPT Ústav biotechnológie  |X 40394  |U C4000  |Y 102  |7 A000040394 
856 4 |u http://is.stuba.sk/zp/portal_zp.pl?podrobnosti=165041